Punji trap : (Record no. 3006)

MARC details
000 -LEADER
fixed length control field 01380nam a22002777a 4500
001 - CONTROL NUMBER
control field 3006
003 - CONTROL NUMBER IDENTIFIER
control field FISKH
005 - DATE AND TIME OF LATEST TRANSACTION
control field 20240130145151.0
008 - FIXED-LENGTH DATA ELEMENTS--GENERAL INFORMATION
fixed length control field 240130b cb ||||| |||| 00| 0 eng d
020 ## - INTERNATIONAL STANDARD BOOK NUMBER
International Standard Book Number 9789996341076
040 ## - CATALOGING SOURCE
Original cataloging agency FISKH
Language of cataloging eng
Transcribing agency FISKH
Modifying agency FISKH
082 ## - DEWEY DECIMAL CLASSIFICATION NUMBER
Classification number 959
Item number HUN
100 ## - MAIN ENTRY--PERSONAL NAME
Personal name Hunt, Luke
Dates associated with a name 1962--
245 ## - TITLE STATEMENT
Title Punji trap :
Remainder of title Pham Xuan An: the spy who didn't love us /
Statement of responsibility, etc. by Luke Hunt
260 ## - PUBLICATION, DISTRIBUTION, ETC.
Place of publication, distribution, etc. Ruby Land Complex :
Name of publisher, distributor, etc. Talisman,
Date of publication, distribution, etc. 2018.
300 ## - PHYSICAL DESCRIPTION
Extent 226 pages :
Other physical details color illustrations ;
Dimensions 23 cm
520 ## - SUMMARY, ETC.
Summary, etc. Pham Xuan An was a Communist agent whose espionage adventures - under the cover story of a celebrated war correspondent in the Western Media -- were as brilliant for Hanoi as they were shattering for Washington during the tumultuous days of the Vietnam War. He has been dubbed "the perfect spy" and affectionately referred to by some as "the spy who loved us." Not quite. Journalist and Southeast Asian specialist Luke Hunt prizes this story openly. He knew and interviewed An for many years, along with many friends and colleagues in journalism who knew him best in war, on the journalistic beat and amid the collapse of South Vietnam.
650 ## - SUBJECT ADDED ENTRY--TOPICAL TERM
Topical term or geographic name entry element War
650 ## - SUBJECT ADDED ENTRY--TOPICAL TERM
Topical term or geographic name entry element Media
650 ## - SUBJECT ADDED ENTRY--TOPICAL TERM
Topical term or geographic name entry element History
650 ## - SUBJECT ADDED ENTRY--TOPICAL TERM
Topical term or geographic name entry element Pham, An Xuan
650 ## - SUBJECT ADDED ENTRY--TOPICAL TERM
Topical term or geographic name entry element International Relations
650 ## - SUBJECT ADDED ENTRY--TOPICAL TERM
Topical term or geographic name entry element Vietnam
650 ## - SUBJECT ADDED ENTRY--TOPICAL TERM
Topical term or geographic name entry element Cambodia
942 ## - ADDED ENTRY ELEMENTS (KOHA)
Source of classification or shelving scheme Dewey Decimal Classification
Koha item type Books
Suppress in OPAC No
Holdings
Withdrawn status Lost status Source of classification or shelving scheme Damaged status Not for loan Collection Home library Current library Shelving location Date acquired Total Checkouts Full call number Barcode Date last seen Date last checked out Price effective from Koha item type
    Dewey Decimal Classification     Non-Fiction Footprints International School Library Network Toul Kork Campus Footprints International School Library Network Toul Kork Campus   01/30/2024 1 HUN 959 2024-0060 06/06/2024 05/28/2024 01/30/2024 Books